| 000 | 00616nam a22002177a 4500 | ||
|---|---|---|---|
| 005 | 20150103112600.0 | ||
| 008 | 150102b xxu||||| |||| 00| 0 eng d | ||
| 020 |
_a9788184841589 _c1880.00 |
||
| 040 | _aLoreto College | ||
| 041 | _aEnglish | ||
| 082 |
_a338.19 _bCHA |
||
| 245 |
_aFood security in India _cEdited by Biswajit Chatterjee and Asim K.Karmakar |
||
| 260 |
_aNew Delhi _bRegal Publications _c2012 |
||
| 300 |
_axx,356p _b22cm |
||
| 504 | _aIncludes index | ||
| 650 | _aFood supply-India | ||
| 700 |
_4ed. _aChatterjee,Biswajit |
||
| 700 |
_4ed. _aKarmakar,Asim K. |
||
| 850 | _aLCLIB | ||
| 942 | _cBK | ||
| 999 |
_c39747 _d90226 |
||